| 000 | 00634nam a2200205Ia 4500 | ||
|---|---|---|---|
| 003 | OSt | ||
| 005 | 20250808123215.0 | ||
| 008 | 210210b2002 xxu||||| |||| 00| 0 eng d | ||
| 040 | _cAL | ||
| 041 | _aKannada | ||
| 082 | _ak894.4 KARV | ||
| 100 |
_aKARNATAKA SAHITYA AKADEMI. _dಕರ್ನಾಟಕ ಸಾಹಿತ್ಯ ಅಕಾಡೆಮಿ _9234679 |
||
| 245 |
_aVichara sahitya 2001. _bವಿಚಾರ ಸಾಹಿತ್ಯ |
||
| 260 |
_aBengaluru _bKarnataka Sahithya Akademi., _c2002 |
||
| 300 | _a172 | ||
| 650 |
_aMahesha Tippashetti _9234680 |
||
| 690 |
_aKannada Prose _9234681 |
||
| 906 | _aSG04204 | ||
| 942 |
_2ddc _cBK |
||
| 999 |
_c114970 _d114970 |
||